000 00555nam a2200181Ia 4500
008 090123s9999 xx 000 0 und d
082 _b37191
100 _aकणेकर शिरिष मधुकर
245 _aमनमुराद
250 _a1
260 _bदिलिप प्रकाशन
_c2004
300 _a264
600 _aकणेकर शिरिष मधुकर
630 _aमनमुराद
700 _aकणेकर शिरिष मधुकर
730 _aमनमुराद
942 _cBOOK
999 _c75258
_d75258